000 03064cam a22005654i 4500
001 u24236
003 PE-LiUPU
005 20250731173055.0
008 150623s1997 ck r 000 0 spa d
020 _a1575541130
035 _a(Sirsi) i9781575541136
040 _aPE-LiUPU
_bspa
_cPE-LiUPU
_erda
049 _aPRUA
082 0 4 _a236
_bR355d
_221
100 1 _aReid, G. Edward,
_eautor.
245 1 4 _a¡El domingo viene! /
_cG. Edward Reid.
264 1 _aSantafé de Bogotá, Colombia :
_bAsociación Publicadora Interamericana,
_c1997.
300 _a303 páginas ;
_c20 cm.
336 _atext
_2rdacontent
337 _aunmediated
_2rdamedia
338 _avolume
_2rdacarrier
505 0 _aPlaneación anticipada -- Dios está al día con su itinerario -- La senda del Edén al Edén -- Ecumenismo a toda prisa -- El hombre del año visita los Estados Unidos de América -- La campaña católica por los Estados Unidos -- El domingo viene -- Cuenta regresiva hacia el domingo -- El espiritismo se alía con la iglesia -- Se aproxima el milenio de la paz -- Predicar el sábado con más énfasis -- Cómo reaccionar frente a la persecución -- Viene el reavivamiento -- El Dios de Abraham, Isaac y Jacob -- La profecía es sencilla -- Surgimiento y caída del cuerno pequeño -- Los Estados Unidos: una superpotencia mundial -- La marca de la bestia.
526 _aSEG42
526 _aSEG41
526 _aSEG40
526 _aSEG39
526 _aP94
526 _aP87
526 _aP86
526 _aP85
526 _aP77
526 _aP76
526 _aP35
650 0 4 _aFin del mundo.
910 _agavs
942 _2ddc
_cBOOK
949 _a263.4 R36 1997
_wDEWEY
_c1
_iFJ09254
_d2017-11-28
_f2017-12-29
_g1
_lCCODEBUJ1
_mBUJ
_p20.00
_q1
_r0
_sY
_tBOOK
_u2017-11-20
_xBIBLIOTECA
_zUNKNOWN
_0COMPRA
_o.STAFF. Colección General Juliaca
949 _a263.4 R36
_wDEWEY
_c1
_iFT01763
_lCCODEBUT1
_mBUT
_pdolar10.00
_r0
_sY
_tBOOK
_u2015-11-20
_xBIBLIOTECA
_zUNKNOWN
_0DONACION
_o.STAFF. Colección General Tarapoto
949 _a263.4 R36
_wDEWEY
_c2
_i48521
_d2015-12-7
_e2015-11-5
_f2018-2-8
_g2
_lCCODEBUL1
_mBUL
_n2
_p20.00
_r0
_sY
_tBOOK
_u2015-6-24
_xTEOLOGIA
_0COMPRA
_o.STAFF. Colección Teología
949 _a263.4 R36
_wDEWEY
_c2
_iFT01785
_lCCODEBUT1
_mBUT
_p{dolar}10.00
_r0
_sY
_tBOOK
_u2015-11-20
_xBIBLIOTECA
_zUNKNOWN
_0DONACION
_o.STAFF. Colección General Tarapoto
949 _aBT876 .R45 1997
_wDEWEY
_c1
_iCW59436
_lCIAE5
_mBWL
_p9.00
_r0
_sY
_tBOOK
_u2015-6-24
_xWHITE
_zUNKNOWN
_0COMPRA
_o.STAFF. Centro White
949 _a263. 4 R36
_wDEWEY
_c3
_iFT04101
_lCCODEBUT1
_mBUT
_p{dolar}20.00
_r0
_sY
_tBOOK
_u2018-11-02
_xCRAI
_zOTRO
_0DONACION
_o.STAFF. Colección General Tarapoto
980 _81
_gALBERTO SANCHEZ Responsable de Automatización
999 _c27691
_d27691